Abraham Lincoln : (Record no. 9388)
[ view plain ]
| 000 -LEADER | |
|---|---|
| fixed length control field | 01250cam a2200313Ii 4500 |
| 001 - CONTROL NUMBER | |
| control field | 8721981 |
| 003 - CONTROL NUMBER IDENTIFIER | |
| control field | OCoLC |
| 005 - DATE AND TIME OF LATEST TRANSACTION | |
| control field | 20210112175955.0 |
| 008 - FIXED-LENGTH DATA ELEMENTS--GENERAL INFORMATION | |
| fixed length control field | 820826r19811976ilua b 000 0beng d |
| 010 ## - LIBRARY OF CONGRESS CONTROL NUMBER | |
| LC control number | 81052112 |
| 020 ## - INTERNATIONAL STANDARD BOOK NUMBER | |
| International Standard Book Number | 0842300007 |
| 040 ## - CATALOGING SOURCE | |
| Original cataloging agency | CDC |
| Language of cataloging | eng |
| Description conventions | rda |
| Transcribing agency | CDC |
| Modifying agency | UIU |
| -- | OCL |
| -- | MAL |
| 090 ## - LOCALLY ASSIGNED LC-TYPE CALL NUMBER (OCLC); LOCAL CALL NUMBER (RLIN) | |
| Classification number (OCLC) (R) ; Classification number, CALL (RLIN) (NR) | E457.2 |
| Local cutter number (OCLC) ; Book number/undivided call number, CALL (RLIN) | .O95 1981 |
| 092 ## - LOCALLY ASSIGNED DEWEY CALL NUMBER (OCLC) | |
| Classification number | 973.7092 |
| Item number | Ow2a |
| 100 1# - MAIN ENTRY--PERSONAL NAME | |
| Personal name | Owen, G. Frederick |
| Fuller form of name | (George Frederick), |
| Dates associated with a name | 1897-1987. |
| Authority record control number or standard number | http://id.loc.gov/authorities/names/n50049917 |
| 245 10 - TITLE STATEMENT | |
| Title | Abraham Lincoln : |
| Remainder of title | the man & his faith / |
| Statement of responsibility, etc. | G. Frederick Owen. |
| 264 #1 - PRODUCTION, PUBLICATION, DISTRIBUTION, MANUFACTURE, AND COPYRIGHT NOTICE | |
| Place of production, publication, distribution, manufacture | Wheaton : |
| Name of producer, publisher, distributor, manufacturer | Tyndale, |
| Date of production, publication, distribution, manufacture, or copyright notice | [1981] |
| 300 ## - PHYSICAL DESCRIPTION | |
| Extent | ix, 232 pages : |
| Other physical details | illustrations ; |
| Dimensions | 21 cm |
| 336 ## - CONTENT TYPE | |
| Content type term | text |
| Content type code | txt |
| Source | rdacontent |
| 337 ## - MEDIA TYPE | |
| Media type term | unmediated |
| Media type code | n |
| Source | rdamedia |
| 338 ## - CARRIER TYPE | |
| Carrier type term | volume |
| Carrier type code | nc |
| Source | rdacarrier |
| 500 ## - GENERAL NOTE | |
| General note | Previously published in 1976 under title: A heart that yearned for God. |
| 504 ## - BIBLIOGRAPHY, ETC. NOTE | |
| Bibliography, etc. note | Bibliography: p. 230-232. |
| 600 10 - SUBJECT ADDED ENTRY--PERSONAL NAME | |
| Personal name | Lincoln, Abraham, |
| Dates associated with a name | 1809-1865 |
| General subdivision | Religion. |
| Authority record control number or standard number | http://id.loc.gov/authorities/subjects/sh85077117 |
| 650 #0 - SUBJECT ADDED ENTRY--TOPICAL TERM | |
| Topical term or geographic name entry element | Presidents |
| Geographic subdivision | United States |
| Form subdivision | Biography. |
| Authority record control number or standard number | http://id.loc.gov/authorities/subjects/sh85106470 |
| 655 #7 - INDEX TERM--GENRE/FORM | |
| Genre/form data or focus term | Biographies. |
| Source of term | lcgft |
| Authority record control number or standard number | http://id.loc.gov/authorities/genreForms/gf2014026049 |
| 740 0# - ADDED ENTRY--UNCONTROLLED RELATED/ANALYTICAL TITLE | |
| Uncontrolled related/analytical title | Heart that yearned for God. |
| 942 ## - ADDED ENTRY ELEMENTS (KOHA) | |
| Source of classification or shelving scheme | Dewey Decimal Classification |
| Koha item type | Books |
| Withdrawn status | Lost status | Source of classification or shelving scheme | Damaged status | Not for loan | Collection code | Home library | Current library | Shelving location | Date acquired | Total Checkouts | Full call number | Barcode | Date last seen | Price effective from | Koha item type |
|---|---|---|---|---|---|---|---|---|---|---|---|---|---|---|---|
| Dewey Decimal Classification | Non-fiction | Harvest Mission College | Harvest Mission College | General Stacks | 19.01.2021 | 973.709 OW97A | 010676 | 19.01.2021 | 19.01.2021 | Books |
